Amistad marina (Record no. 130334)

MARC details
000 -LEADER
campo de control de longitud fija 00475nam a2200157 i 4500
001 - NÚMERO DE CONTROL
campo de control 130334
003 - IDENTIFICADOR DE NÚMERO DE CONTROL
campo de control ES-MaACL
005 - FECHA Y HORA DE LA ÚLTIMA TRANSACCIÓN
campo de control 20230906193718.0
007 - CAMPO FIJO DE DESCRIPCIÓN FÍSICA--INFORMACIÓN GENERAL
campo de control de longitud fija t|
008 - DATOS DE LONGITUD FIJA--INFORMACIÓN GENERAL
campo de control de longitud fija 070725s1967 sp ||||1| spa d
100 1# - ENTRADA PRINCIPAL--NOMBRE DE PERSONA
Nombre de persona Zamanillo González-Camino, Matilde.
9 (RLIN) 117892
245 10 - MENCIÓN DEL TÍTULO
Título Amistad marina
Resto del título : poemas /
Mención de responsabilidad, etc. Matilde Zamanillo G. Camino.
260 ## - PUBLICACIÓN, DISTRIBUCIÓN, ETC.
Lugar de publicación, distribución, etc. Santander :
Nombre del editor, distribuidor, etc. [s.n.],
Fecha de publicación, distribución, etc. 1967 (
Fabricante Tip. Casas Cuevas)
300 ## - DESCRIPCIÓN FÍSICA
Extensión 114 p. ;
Dimensiones 22 cm.
852 ## - LOCALIZACIÓN
Ubicación ES-MaACL
Número de control de estantería C-35566
Sublocalización o colección R.65333
Holdings
Estatus retirado Estado de pérdida Estado de daño No para préstamo Biblioteca de origen Biblioteca actual Ubicación en estantería Fecha de adquisición Fuente de adquisición Total de préstamos Signatura topográfica completa Código de barras Visto por última vez Precio de reemplazo Tipo de ítem Koha
        Biblioteca del Ateneo de Madrid Biblioteca del Ateneo de Madrid Depósito 2 17/01/2008     C-35566 1135706 23/02/2023 23/02/2023 Libro impreso